| Tag |
First Indicator |
Second Indicator |
Subfields |
| LEADER |
00000cas a2200000 4500 |
| 001 |
in00000046788 |
| 005 |
20151007075414.0 |
| 008 |
750602c197u9999fr uu f0uuub0fre d |
| 035 |
|
|
|a (OCoLC)01367841
|
| 035 |
|
|
|9 AAF3157AM
|
| 040 |
|
|
|a FUL
|c FUL
|d TXA
|d UtOrBLW
|
| 043 |
|
|
|a e-fr---
|
| 049 |
|
|
|a TXAE
|
| 050 |
0 |
0 |
|a VK798
|b .F8
|
| 082 |
0 |
|
|a 551.4
|
| 110 |
1 |
|
|a France.
|b Service hydrographique et océanographique de la marine.
|
| 245 |
1 |
0 |
|a Annales hydrographiques.
|
| 264 |
|
1 |
|a Paris :
|b Impr. nationale.
|
| 300 |
|
|
|a volumes :
|b illustrations ;
|c 25 cm.
|
| 336 |
|
|
|a text
|b txt
|2 rdacontent
|
| 337 |
|
|
|a unmediated
|b n
|2 rdamedia
|
| 338 |
|
|
|a volume
|b nc
|2 rdacarrier
|
| 362 |
0 |
|
|a 1st-4th ser., 1846-19 ; 5th ser., v. 1- 197 -
|
| 500 |
|
|
|a "Recueil de documents et memoires relatifs a l'hydrogrpahie et a la navigation."
|
| 550 |
|
|
|a Continues: Publication with the same title issued by the agency under its earlier name: Service hydrographique.
|
| 650 |
|
0 |
|a Hydrography
|v Periodicals.
|
| 650 |
|
0 |
|a Oceanography
|v Periodicals.
|
| 710 |
1 |
|
|a France.
|b Service hydrographique.
|t Annales hydrographique.
|
| 999 |
|
|
|a MARS
|
| 999 |
f |
f |
|s d0d32449-9808-3d9d-af62-97a67b46be3a
|i 83de5834-a522-3fb4-9dad-208cf981ac47
|t 0
|
| 952 |
f |
f |
|p ric
|a Texas A&M University
|b Rellis Campus
|c Joint Library Facility
|d Remote Storage
|t 0
|e VK798 .F8
|h Library of Congress classification
|i unmediated -- volume
|k 5th ser.v.8:fasc.1
|l 1980
|m A14831460175
|
| 952 |
f |
f |
|p ric
|a Texas A&M University
|b Rellis Campus
|c Joint Library Facility
|d Remote Storage
|t 0
|e VK798 .F8
|h Library of Congress classification
|i unmediated -- volume
|k 5th ser.:v.13
|l 1985
|m A14831459938
|
| 952 |
f |
f |
|p ric
|a Texas A&M University
|b Rellis Campus
|c Joint Library Facility
|d Remote Storage
|t 0
|e VK798 .F8
|h Library of Congress classification
|i unmediated -- volume
|k 5th ser.:v.1:fasc.1
|l 1973
|m A14831460604
|
| 952 |
f |
f |
|p ric
|a Texas A&M University
|b Rellis Campus
|c Joint Library Facility
|d Remote Storage
|t 0
|e VK798 .F8
|h Library of Congress classification
|i unmediated -- volume
|k 5th ser.:v.5:fasc.2
|l 1977
|m A14831460727
|
| 952 |
f |
f |
|p ric
|a Texas A&M University
|b Rellis Campus
|c Joint Library Facility
|d Remote Storage
|t 0
|e VK798 .F8
|h Library of Congress classification
|i unmediated -- volume
|k 5th ser.:v.14
|l 1986
|m A14831459970
|
| 952 |
f |
f |
|p ric
|a Texas A&M University
|b Rellis Campus
|c Joint Library Facility
|d Remote Storage
|t 0
|e VK798 .F8
|h Library of Congress classification
|i unmediated -- volume
|k no.751
|l 1979
|m A14831460565
|
| 952 |
f |
f |
|p ric
|a Texas A&M University
|b Rellis Campus
|c Joint Library Facility
|d Remote Storage
|t 0
|e VK798 .F8
|h Library of Congress classification
|i unmediated -- volume
|k 5th ser.:v.9:fasc.2
|l 1980
|m A14831459815
|
| 952 |
f |
f |
|p ric
|a Texas A&M University
|b Rellis Campus
|c Joint Library Facility
|d Remote Storage
|t 0
|e VK798 .F8
|h Library of Congress classification
|i unmediated -- volume
|k 5th ser.v.6:fasc.3
|l 1978
|m A14831460963
|
| 952 |
f |
f |
|p ric
|a Texas A&M University
|b Rellis Campus
|c Joint Library Facility
|d Remote Storage
|t 0
|e VK798 .F8
|h Library of Congress classification
|i unmediated -- volume
|k 5th ser.:v.16
|l 1989
|m A14831460094
|
| 952 |
f |
f |
|p ric
|a Texas A&M University
|b Rellis Campus
|c Joint Library Facility
|d Remote Storage
|t 0
|e VK798 .F8
|h Library of Congress classification
|i unmediated -- volume
|k 5th ser.:v.7:fasc.2
|l 1979
|m A14831460523
|
| 952 |
f |
f |
|p ric
|a Texas A&M University
|b Rellis Campus
|c Joint Library Facility
|d Remote Storage
|t 0
|e VK798 .F8
|h Library of Congress classification
|i unmediated -- volume
|k 5th ser.:v.6:fasc.2
|l 1978
|m A14831460646
|
| 952 |
f |
f |
|p ric
|a Texas A&M University
|b Rellis Campus
|c Joint Library Facility
|d Remote Storage
|t 0
|e VK798 .F8
|h Library of Congress classification
|i unmediated -- volume
|k 5th ser.:v.15
|l 1988
|m A14831460010
|
| 952 |
f |
f |
|p ric
|a Texas A&M University
|b Rellis Campus
|c Joint Library Facility
|d Remote Storage
|t 0
|e VK798 .F8
|h Library of Congress classification
|i unmediated -- volume
|k 5th ser.:v.7:fasc. 3
|l 1979
|m A14831460484
|
| 952 |
f |
f |
|p ric
|a Texas A&M University
|b Rellis Campus
|c Joint Library Facility
|d Remote Storage
|t 0
|e VK798 .F8
|h Library of Congress classification
|i unmediated -- volume
|k 5th ser.:v.6:fasc.1
|l 1978
|m A14831460688
|
| 952 |
f |
f |
|p ric
|a Texas A&M University
|b Rellis Campus
|c Joint Library Facility
|d Remote Storage
|t 0
|e VK798 .F8
|h Library of Congress classification
|i unmediated -- volume
|k 5th ser.:v.4:fasc.1
|l 1976
|m A14831460840
|
| 952 |
f |
f |
|p ric
|a Texas A&M University
|b Rellis Campus
|c Joint Library Facility
|d Remote Storage
|t 0
|e VK798 .F8
|h Library of Congress classification
|i unmediated -- volume
|k 5th ser.:v.3:fasc.1
|l 1975
|m A14831460882
|
| 952 |
f |
f |
|p ric
|a Texas A&M University
|b Rellis Campus
|c Joint Library Facility
|d Remote Storage
|t 0
|e VK798 .F8
|h Library of Congress classification
|i unmediated -- volume
|k 5th ser:v.10
|l 1982
|m A14831459857
|
| 952 |
f |
f |
|p ric
|a Texas A&M University
|b Rellis Campus
|c Joint Library Facility
|d Remote Storage
|t 0
|e VK798 .F8
|h Library of Congress classification
|i unmediated -- volume
|k 5th ser.:v.5:fasc.1
|l 1977
|m A14831460769
|
| 952 |
f |
f |
|p ric
|a Texas A&M University
|b Rellis Campus
|c Joint Library Facility
|d Remote Storage
|t 0
|e VK798 .F8
|h Library of Congress classification
|i unmediated -- volume
|k 5th ser.:v.17
|l 1991
|m A14831460133
|
| 952 |
f |
f |
|p ric
|a Texas A&M University
|b Rellis Campus
|c Joint Library Facility
|d Remote Storage
|t 0
|e VK798 .F8
|h Library of Congress classification
|i unmediated -- volume
|k 5th ser.:v.4:fasc.2
|l 1976
|m A14831460808
|
| 952 |
f |
f |
|p ric
|a Texas A&M University
|b Rellis Campus
|c Joint Library Facility
|d Remote Storage
|t 0
|e VK798 .F8
|h Library of Congress classification
|i unmediated -- volume
|k 5th ser.:v.18
|l 1992
|m A14831460442
|
| 952 |
f |
f |
|p ric
|a Texas A&M University
|b Rellis Campus
|c Joint Library Facility
|d Remote Storage
|t 0
|e VK798 .F8
|h Library of Congress classification
|i unmediated -- volume
|k 5th ser:v.9
|l 1981
|m A14831459776
|
| 952 |
f |
f |
|p ric
|a Texas A&M University
|b Rellis Campus
|c Joint Library Facility
|d Remote Storage
|t 0
|e VK798 .F8
|h Library of Congress classification
|i unmediated -- volume
|k 5th ser.:v.4:fasc.3
|l 1976
|m A14831460400
|
| 952 |
f |
f |
|p ric
|a Texas A&M University
|b Rellis Campus
|c Joint Library Facility
|d Remote Storage
|t 0
|e VK798 .F8
|h Library of Congress classification
|i unmediated -- volume
|k 5th ser:v.12
|l 1984
|m A14831459899
|
| 952 |
f |
f |
|p ric
|a Texas A&M University
|b Rellis Campus
|c Joint Library Facility
|d Remote Storage
|t 0
|e VK798 .F8
|h Library of Congress classification
|i unmediated -- volume
|k 5th ser.:v.2:fasc.1
|l 1974
|m A14831460921
|
| 952 |
f |
f |
|p ric
|a Texas A&M University
|b Rellis Campus
|c Joint Library Facility
|d Remote Storage
|t 0
|e VK798 .F8
|h Library of Congress classification
|i unmediated -- volume
|k 5th ser:v.11
|l 1983
|m A14831460052
|
| 998 |
f |
f |
|a VK798 .F8
|s 5th ser.:v.1:fasc.1-v.18 (1973-1992)
|t 0
|l Remote Storage
|